Forrajes conservados de alta calidad y aspectos relacionados al manejo nutricional /

Guardado en:
Autor Principal: Bragachini, Mario.
Autor Corporativo: Instituto Nacional de Tecnología Agropecuaria (Argentina). Estación Experimental Agropecuaria Manfredi.
Formato: Libro
Idioma:Spanish
Publicado: Manfredi : INTA, 2008.
Series:INTA PRECOP II Manual técnico ; nº 6
Acceso en línea:Texto completo
Etiquetas: Agregar Etiqueta
Sin Etiquetas, Sea el primero en etiquetar este registro!
LEADER 00830nam a22001935a 4500
001 EEA.libagro008447
005 20160926112915.0
008 130809s2008####ag#a##########000#0#spa#d
022 |a 1667-9199 
082 0 4 |a 633.208 
100 1 |a Bragachini, Mario. 
245 1 0 |a Forrajes conservados de alta calidad y aspectos relacionados al manejo nutricional /  |c M. Bragachini ... [et al.]. 
260 |a Manfredi :  |b INTA,  |c 2008. 
300 |a 325 p. :  |b il. ;  |c 30 cm. 
490 1 |a INTA PRECOP II Manual técnico ;  |v nº 6 
530 |a Disponible también en línea. 
710 2 |a Instituto Nacional de Tecnología Agropecuaria (Argentina).  |b Estación Experimental Agropecuaria Manfredi. 
856 |u http://inta.gob.ar/sites/default/files/script-tmp-libro%5Fforrajes.pdf  |3 Texto completo 
859 |a AR-BbBCA  |b BIB. AGRONOMIA  |h 633.208  |i B813  |p 2011/5860